00581nam a2200169Ia 450000500170000000800410001702000150005808200150007310000170008824500670010526000490017230000120022150000600023394200060029395200970029999900150039620250606010002.0240331s9999 xx 000 0 und d a9559102168 a303.6bTEN aTennakoon, S 0aSri Lankawe sanskruthiya ha mathawadaya pilibada deshapalanaya aColombobSocial Scientists Associationc1998 a89 p ., aA book of politics of culture and ideology in Sri Lanka cL 001040708LaWERCLbWERCLcSSCd2024-03-31l0o 303.6 TENp2829r2024-03-31w2024-03-31yL c1298d1298